000 00962nam a2200241 i 4500
001 114881
003 ES-MaACL
005 20230906190256.0
007 t|
008 070206s1923 sp ||||1| spa d
080 _a271.65(8.03)
100 1 _aTorres Lanzas, Pedro.
_9110975
245 1 0 _aCatálogo
_b: cuadro general de la documentación /
_cpor Pedro Torres Lanzas y Germán Latorre.
260 _aSevilla :
_b[s.n],
_c1918 (
_fTip. Zarzuela)
300 _a165 p. ;
_c24 cm.
490 1 _aPublicaciones del Centro Oficial de Estudios Americanistas de Sevilla . Biblioteca colonial americana ;
_vv. 1
500 _aPrecede al Tít. : Archivo General de Indias.
610 2 _aArchivo General de Indias-
_xCatálogos.
_91431
700 1 _aLatorre, Germán.
_970531
830 0 _aPublicaciones del Centro Oficial de Estudios Americanistas de Sevilla . Biblioteca colonial americana ;
_vv. 1
_9185793
852 _aES-MaACL
_jE-4437
999 _c114881
_d114881